Normal view
MARC view
- الرياضيات -نعلم وتعليم
Entry Topical Term
001 - CONTROL NUMBER
- control field: 40536
003 - CONTROL NUMBER IDENTIFIER
- control field: JO-AjAnu
005 - DATE AND TIME OF LATEST TRANSACTION
- control field: 20230606080731.0
008 - FIXED-LENGTH DATA ELEMENTS
- fixed length control field: 230606|| aca||aabn | a|a d
040 ## - CATALOGING SOURCE
- Original cataloging agency: JO-AjAnu
- Transcribing agency: JO-AjAnu
150 ## - HEADING--TOPICAL TERM
- Topical term or geographic name entry element: الرياضيات -نعلم وتعليم
670 ## - SOURCE DATA FOUND
- Source citation: Work cat.: (JO-AjAnu)20778: نعوم، رياض شاكر / م . مشارك سليم حسن تاكتبي, author 40535, طرق رياضية متنوعة